LEADER 03468nam 22006855 450 001 996309087203316 005 20231025201420.0 010 $a3-486-71810-X 024 7 $a10.1524/9783486718102 035 $a(CKB)2550000001301297 035 $a(EBL)1433466 035 $a(OCoLC)879550888 035 $a(SSID)ssj0001325549 035 $a(PQKBManifestationID)11859832 035 $a(PQKBTitleCode)TC0001325549 035 $a(PQKBWorkID)11516926 035 $a(PQKB)10006827 035 $a(MiAaPQ)EBC1433466 035 $a(DE-B1597)221015 035 $a(OCoLC)979853258 035 $a(DE-B1597)9783486718102 035 $a(oapen)https://directory.doabooks.org/handle/20.500.12854/40575 035 $a(EXLCZ)992550000001301297 100 $a20190708d2013 fg 101 0 $ager 135 $aur|n|---||||| 181 $ctxt$2rdacontent 182 $cc$2rdamedia 183 $acr$2rdacarrier 200 00$aAkten zur Auswärtigen Politik der Bundesrepublik Deutschland $eWissenschaftliche Leiterin: Ilse Dorothee Pautsch$i1977 /$fMatthias Peter, Amit Das Gupta, Tim Geiger, Fabian Hilfrich, Mechthild Lindemann 210 1$aBerlin ;$aBoston :$cOldenbourg Wissenschaftsverlag,$d[2013] 210 4$d©2008 215 $a1 online resource (2055 pages) 225 0 $aAkten zur Auswärtigen Politik der Bundesrepublik Deutschland. 300 $aDescription based upon print version of record. 311 $a3-486-58338-7 320 $aIncludes bibliographical references and indexes. 327 $tFrontmatter --$tInhalt --$tDokumentenverzeichnis --$tAkten zur Auswärtigen Politik der Bundesrepublik Deutschland 1977 330 $aHerausgegeben im Auftrag des Auswärtigen Amts vom Institut für Zeitgeschichte. Hauptherausgeber: Horst Möller, Mitherausgeber: Klaus Hildebrand, Gregor Schöllgen Wissenschaftliche Leiterin: Ilse Dorothee Pautsch 1977, im "Deutschen Herbst", wurde der RAF-Terrorismus auch außenpolitisch zur zentralen Herausforderung der Bundesrepublik: Die Entführung des Arbeitgeberpräsidenten Schleyer und der Lufthansa-Maschine "Landshut" nach Mogadischu erforderten ein umfassendes, hier erstmals aus amtlichen Quellen dokumentiertes Krisenmanagement. Die Übernahme eines nichtständigen Sitzes im UNO-Sicherheitsrat brachte Bonn neue Aufgaben auf globaler Ebene, insbesondere bei den Konflikten im südlichen Afrika. Im transatlantischen Verhältnis führten die Kontroverse um die Neutronenbombe, das Nuklearabkommen mit Brasilien sowie die Behandlung von Menschenrechtsfragen zu Irritationen gegenüber der neuen Carter-Administration. Auf den MBFR-Verhandlungen in Wien und der KSZE-Folgekonferenz in Belgrad wurden Wege aus der drohenden Stagnation im Ost-West-Verhältnis gesucht. 606 $aAußenpolitik 606 $aBundesrepublik Deutschland 606 $aEdition 606 $aZeitgeschichte 607 $aGermany (West)$xForeign relations$vSources 615 4$aAußenpolitik. 615 4$aBundesrepublik Deutschland. 615 4$aEdition. 615 4$aZeitgeschichte. 676 $a658.405 702 $aDas Gupta$b Amit 702 $aGeiger$b Tim 702 $aHilfrich$b Fabian 702 $aLindemann$b Mechthild 702 $aPeter$b Matthias$f1958- 801 0$bDE-B1597 801 1$bDE-B1597 906 $aBOOK 912 $a996309087203316 996 $aAkten zur auswartigen Politik der Bundesrepublik Deutschland$9841624 997 $aUNISA LEADER 01513oam 2200481zu 450 001 9911020255203321 005 20251116151802.0 010 $a0-470-51128-1 035 $a(CKB)1000000000375865 035 $a(SSID)ssj0000288758 035 $a(PQKBManifestationID)11260343 035 $a(PQKBTitleCode)TC0000288758 035 $a(PQKBWorkID)10383065 035 $a(PQKB)10684981 035 $a(OCoLC)123550748 035 $a(EXLCZ)991000000000375865 100 $a20160829d2000 uy 101 0 $aeng 181 $ctxt 182 $cc 183 $acr 200 10$aAnalytical instrumentation : performance characteristics and quality 210 31$a[Place of publication not identified]$cWiley$d2000 225 1 $aAnalytical techniques in the sciences 300 $aBibliographic Level Mode of Issuance: Monograph 311 08$a0-471-99900-8 410 0$aAnalytical techniques in the sciences. 517 $aAnalytical Instrumentation 606 $aInstrumental analysis 606 $aChemistry$2HILCC 606 $aAnalytical Chemistry$2HILCC 606 $aPhysical Sciences & Mathematics$2HILCC 615 0$aInstrumental analysis. 615 7$aChemistry 615 7$aAnalytical Chemistry 615 7$aPhysical Sciences & Mathematics 676 $a543/.07 700 $aCurrell$b Graham$01841880 801 0$bPQKB 906 $aBOOK 912 $a9911020255203321 996 $aAnalytical instrumentation : performance characteristics and quality$94421769 997 $aUNINA